The little data book. (Record no. 61148)
[ view plain ]
| 000 -LEADER | |
|---|---|
| fixed length control field | 01300nam a2200349Ia 4500 |
| 245 04 - TITLE STATEMENT | |
| Title | The little data book. |
| 260 ## - PUBLICATION, DISTRIBUTION, ETC. (IMPRINT) | |
| Place of publication | Washington, D. C. : |
| Name of publisher | World Bank, |
| Year of publication | 2009. |
| 300 ## - PHYSICAL DESCRIPTION | |
| Number of Pages | vi, 234 p. |
| 490 0# - SERIES STATEMENT | |
| Series statement | The little data book ; |
| 500 ## - GENERAL NOTE | |
| General note | "From World Development Indicators." |
| 650 #0 - SUBJECT ADDED ENTRY--TOPICAL TERM | |
| Topical Term | Economic development |
| Topical Term | Economic history |
| Topical Term | Economic indicators. |
| Topical Term | Social indicators. |
| 856 40 - ELECTRONIC LOCATION AND ACCESS | |
| Uniform Resource Identifier | http://site.ebrary.com/lib/rucke/Doc?id=10306270 |
No items available.
